Littérature par lettre - B - Statistiques

Statistiques générales
  • Ce quiz a été pris 182 fois
  • Le résultat moyen est 12 sur 20
Statistiques - réponses
Questions Réponses % Correct
Quel écrivain français relate son spleen et sa mélancolie dans l'oeuvre "Les Fleurs du mal" ? Charles Baudelaire
98%
Quel livre, le plus imprimé, est le livre saint du Christianisme ? La Bible
95%
Quel écrivain français a écrit "La Planète des Singes" ? Pierre Boulle
94%
Quel personnage de conte de fées écrit par les frères Grimm est accompagnéee de 7 nains ? Blanche Neige
93%
Quelle bande dessinée met en oeuvre un jeune garçon accompagné de son chien, mais également la tortue Caroline ? Boule et Bill
89%
Quelle femme de lettres française, compagne de Jean-Paul Sartre a écrit "Le Deuxième sexe" ? Simone de Beauvoir
88%
Quel conte de Charles Perrault reprend l'histoire d'Henry VIII, qui enfermait ses femmes et les tuait ? Barbe Bleue
84%
Quel écrivain français du début du XIXème siècle est connu pour son cycle "La Comédie Humaine" ? Honoré de Balzac
83%
Quel homme de lettres du XVIIIème siècle a écrit "Le Barbier de Séville" et "Le Mariage de Figaro" ? Pierre Augustin Caron de Beaumarchais
78%
Quel homme politique a écrit "L'Abolition de la peine de mort", lui même à l'origine de cette loi ? Robert Badinter
75%
Quel roman de Guy de Maupassant retrace la vie de Georges Duroy, à son retour de la conquête de l'Algérie ? Bel-Ami
60%
Quel écrivain irlandais, maître de l'Absurde, a notamment écrit "En attendant Godot" ? Samuel Beckett
50%
Quelle nouvelle de Maupassant met en oeuvre une prostituée durant la guerre Franco-Prussienne ? Boule de suif
48%
Quel homme de lettre est le principal chef de file du surréalisme ? André Breton
40%
Quel courant littéraire ainsi qu'artistique, trouvant son origine en Italie, est marqué par des exagérations ainsi que des effets dramatiques ? Baroque
39%
Quel poète français de la Pléiade a écrit "Les Regrets" ? Joachim du Bellay
38%
Quel écrivain français du XVIIème siècle a écrit l'"Art Poétique", poème régissant l'écriture en vers classique ? Nicolas Boileau
20%
Quel homme politique et écrivain, souvent associé à l'extrême droite sur le plan politique, a écrit "Les Déracinés" ? Maurice Barrès
13%
Quel sociologue et critique littéraire français du XXème siècle dit que "l'auteur doit céder sa place au lecteur, qui réécrit le texte pour lui-même" ? Roland Barthes
10%
Quel philosophe et écrivain français, influencé par Hegel a écrit "L'Eau et les rêves" ? Gaston Bachelard
6%
Aucun quiz correspondant
Distribution des résultats
% des personnes avec chaque résultat
Percentile par nombre de réponses
Votre historique - résultats
Vous n’avez pas pris ce quiz